000 01590nam0a22003131 4500
001 rc\3159190
005 20260407192010.0
021 _aRU
_b77-17652
021 _aRU
_bРг5733-77
035 _a(NLR Aleph) 007301278
090 _a5712938
_c5712938
100 _a20120615d1976 |||y0rusy50 ca
101 0 _arus
102 _aRU
105 _ay z |||||
200 1 _aО численном решении интегральных уравнений теории потенциала для модельных задач
210 _aНовосибирск
_cБ. и.
_d1976
215 _a12 с.
225 1 _aСибирское отделение АН СССР. Вычислительный центр.Семинар "Методы вычислительной и прикладной математики". Препринт
_fПод руковод. акад. Г.И. Марчука
_v33
320 _aБиблиогр.: с. 11-12
700 1 _7ca
_8rus
_aИванов
_bВ. Я.
_cд-р физ.-мат. наук, писатель
_f1948-
_gВалентин Яковлевич
_9214118
_3RU\NLR\AUTH\770214174
701 1 _7ca
_8rus
_aИльин
_bВ. П.
_cд-р физ.-мат. наук, математика
_f1937-
_gВалерий Павлович
_912561
_3RU\NLR\AUTH\7729532
712 1 2 _a"Вычислительные методы прикладной математики", семинар
_eНовосибирск
_3RU\NLR\AUTH\8810125276
_9748006
801 0 _aRU
_bNLR
_gpsbo
801 1 _aRU
_bELAR
_2rusmarc
852 _aNLR
_j74-4/9957-33
942 _cBOOK
980 _aNB